Полное практическое руководство и справочная книга к новому уставу о гербовом сборе. I. Устав о гербовом сборе в алфавитном порядке со всеми разъяснениями. II. Устав о гербовом сборе (офиц. текст) со всеми инструкциями и разъяснениями министра финансов, законодательными мотивами, мнениями Государственного совета, разъяснениями Сената, циркулярами и статьей: "Обзор нового устава и отличие его от прежнего". Ч. 2 (Запись № 4875467)

Подробности
000 -МАРКЕР
контрольное поле 02374nam2a22002411 4500
001 - ИДЕНТИФИКАТОР ЗАПИСИ
контрольное поле v19\rc\1737897
005 - ИДЕНТИФИКАТОР ВЕРСИИ
контрольное поле 20250619055131.0
035 ## - ДРУГИЕ СИСТЕМНЫЕ НОМЕРА
Идентификатор записи (NLR Aleph) 004846371
100 ## - ДАННЫЕ ОБЩЕЙ ОБРАБОТКИ
Данные общей обработки 20061204d1902 |||y0rusy50 ca
101 0# - ЯЗЫК РЕСУРСА
Язык текста, звукозаписи и т.д. русский
102 ## - СТРАНА ПУБЛИКАЦИИ ИЛИ ПРОИЗВОДСТВА
Страна публикации Российская Федерация
105 ## - ПОЛЕ КОДИРОВАННЫХ ДАННЫХ: ТЕКСТОВЫЕ МАТЕРИАЛЫ, МОНОГРАФИЧЕСКИЕ
Кодированные данные о монографическом текстовом документе y z |||||
200 0# - ЗАГЛАВИЕ И СВЕДЕНИЯ ОБ ОТВЕТСТВЕННОСТИ
Основное заглавие Ч. 2
461 #0 - УРОВЕНЬ НАБОРА
Встроенное поле 001v19\rc\1737896
-- 2001#$aПолное практическое руководство и справочная книга к новому уставу о гербовом сборе. I. Устав о гербовом сборе в алфавитном порядке со всеми разъяснениями. II. Устав о гербовом сборе (офиц. текст) со всеми инструкциями и разъяснениями министра финансов, законодательными мотивами, мнениями Государственного совета, разъяснениями Сената, циркулярами и статьей: "Обзор нового устава и отличие его от прежнего"$fСост. К. Абрамович$vЧ. 2
-- 700#1$aАбрамович$bК.Г.$gКопель Гиршевич$4220
Системный номер (АБИС) связанной записи 4875459
Автор Абрамович, К.Г.
Место публикации Санкт-Петербург
Дата публикации 1902
Издание 3-е изд., доп.
Первые сведения об ответственности Сост. К. Абрамович
Имя издателя, распространителя и т.д. тип. И. Гольдберга
Физическая характеристика [546] с. разд. паг.
Заглавие Полное практическое руководство и справочная книга к новому уставу о гербовом сборе. I. Устав о гербовом сборе в алфавитном порядке со всеми разъяснениями. II. Устав о гербовом сборе (офиц. текст) со всеми инструкциями и разъяснениями министра финансов, законодательными мотивами, мнениями Государственного совета, разъяснениями Сената, циркулярами и статьей: "Обзор нового устава и отличие его от прежнего"
Номер тома Ч. 2
801 #0 - ИСТОЧНИК ЗАПИСИ
Страна Российская Федерация
Организация NLR
Правила каталогизации psbo
801 #0 - ИСТОЧНИК ЗАПИСИ
Страна Российская Федерация
Организация RuMoRGB
Источник данных psbo
801 #1 - ИСТОЧНИК ЗАПИСИ
Страна Российская Федерация
Организация ProSoft-M
Источник данных rusmarc
852 ## - МЕСТОНАХОЖДЕНИЕ И ШИФР ХРАНЕНИЯ
Идентификатор организации NLR
Шифр хранения (Call Number) 34.3.2.46
899 ## - ДАННЫЕ О МЕСТОНАХОЖДЕНИИ (устаревшее)
Местонахождение RuMoRGB
Шифр хранения E 53/79
899 ## - ДАННЫЕ О МЕСТОНАХОЖДЕНИИ (устаревшее)
Местонахождение БАН
942 ## - ДОПОЛНИТЕЛЬНЫЕ ЭЛЕМЕНТЫ ЗАПИСИ (АБИС)
Тип экземпляра АБИС Книга
980 ## - КОЛЛЕКЦИЯ
Название коллекции Национальная библиография
Экземпляры
Тип экземпляра Дата поступления Библиотека постоянного хранения Библиотека текущего хранения Место хранения Шифр хранения Штрих-код Статус экземпляра
Книга 26.10.2013 РНБ (Московский) РНБ (Московский) Неопределен, для заказа не доступен, в ЭК виден   4846371-30  
Книга 26.10.2013 РНБ (Садовая) РНБ (Садовая) Русский книжный фонд -Главное здание, Ленинский читальный зал 34.3.2.46 4846371-10